La auditoría de proceso (Registro nro. 10784)

Detalles MARC
000 -LEADER
fixed length control field 00326 a2200109 4500
001 - CONTROL NUMBER
control field ART_10126
005 - DATE AND TIME OF LATEST TRANSACTION
control field 20260410161613.0
008 - FIXED-LENGTH DATA ELEMENTS--GENERAL INFORMATION
fixed length control field 260409a
100 1# - MAIN ENTRY--PERSONAL NAME
Personal name Hammer, Michael
245 10 - TITLE STATEMENT
Title La auditoría de proceso
773 0# - HOST ITEM ENTRY
Title Harvard Business Review
Related parts Tú deberás... - Vol. 85, Nº 4 (abr. 2007)
Record control number REV340

No hay ítems disponibles.